| 000 | 00990nam a2200217Ia 4500 | ||
|---|---|---|---|
| 999 |
_c36520 _d36520 |
||
| 001 | 2438 | ||
| 003 | GE_BSU | ||
| 005 | 20190515203617.0 | ||
| 008 | 181216s2006||||ge |||||||||||||| ||geo|| | ||
| 040 | _cGE_BSU | ||
| 041 | _ageo | ||
| 080 | _a811.111(075.8) გ–64 | ||
| 100 |
_aგოლიცინსკი, ი. _9974 |
||
| 245 |
_aინგლისური ენის გრამატიკა : _bსავარჯიშოების კრებული / _cი. გოლიცინსკი; მთარგმნ. მარინა ლოგუა; რედ. მარგო ინასარიძე |
||
| 264 |
_aთბილისი : _bფაზისი, _c2006 |
||
| 300 |
_a672 გვ.; _b19 სმ. |
||
| 653 | _aინგლისური ენა | ||
| 700 |
_aლოგუა, მარინა _eმთარგმნელი _9971 |
||
| 700 |
_aინასარიძე, მარგო _eრედაქტორი _91207 |
||
| 942 |
_cBK _2udc |
||